000
00271nam a2200145Ia 4500
100
_a
Niit
942
_c
BK
366
_f
10
654
_a
Power Point - MS
245
_a
Power Point - MS
260
_b
Niit Notes
082
_a
5.7
300
_a
62
546
_a
ENGLISH
999
_c
31909
_d
31909